<?xml version="1.0" encoding="UTF-8"?>
<record
    xmlns:xsi="http://www.w3.org/2001/XMLSchema-instance"
    xsi:schemaLocation="http://www.loc.gov/MARC21/slim http://www.loc.gov/standards/marcxml/schema/MARC21slim.xsd"
    xmlns="http://www.loc.gov/MARC21/slim">

  <leader>00526    a2200181   4500</leader>
  <controlfield tag="003">OSt</controlfield>
  <controlfield tag="005">20240127093922.0</controlfield>
  <controlfield tag="008">240127b        |||||||| |||| 00| 0 eng d</controlfield>
  <datafield tag="020" ind1=" " ind2=" ">
    <subfield code="a">9789391376277</subfield>
  </datafield>
  <datafield tag="040" ind1=" " ind2=" ">
    <subfield code="c">oclc</subfield>
  </datafield>
  <datafield tag="082" ind1=" " ind2=" ">
    <subfield code="a">892.71</subfield>
    <subfield code="b">KAT/Z</subfield>
  </datafield>
  <datafield tag="100" ind1=" " ind2=" ">
    <subfield code="a">Kattayad, Mammootty</subfield>
    <subfield code="9">10316</subfield>
  </datafield>
  <datafield tag="245" ind1=" " ind2=" ">
    <subfield code="a">Zuhairinte Muallaqa= Muallaqa of Zuhair /</subfield>
    <subfield code="c">Mammootty Kattayad</subfield>
  </datafield>
  <datafield tag="250" ind1=" " ind2=" ">
    <subfield code="a">1st ed.</subfield>
  </datafield>
  <datafield tag="260" ind1=" " ind2=" ">
    <subfield code="a">Calicut:</subfield>
    <subfield code="b">IPB Books,</subfield>
    <subfield code="c">2022.</subfield>
  </datafield>
  <datafield tag="300" ind1=" " ind2=" ">
    <subfield code="a">144p.</subfield>
  </datafield>
  <datafield tag="942" ind1=" " ind2=" ">
    <subfield code="2">ddc</subfield>
    <subfield code="c">BK</subfield>
    <subfield code="h">892.71</subfield>
    <subfield code="i">KAT/Z</subfield>
    <subfield code="k">892.71</subfield>
    <subfield code="m">KAT/Z</subfield>
  </datafield>
  <datafield tag="952" ind1=" " ind2=" ">
    <subfield code="0">0</subfield>
    <subfield code="1">0</subfield>
    <subfield code="2">ddc</subfield>
    <subfield code="4">0</subfield>
    <subfield code="7">0</subfield>
    <subfield code="8">POE</subfield>
    <subfield code="a">MES</subfield>
    <subfield code="b">MES</subfield>
    <subfield code="c">ARB</subfield>
    <subfield code="d">2024-01-27</subfield>
    <subfield code="l">0</subfield>
    <subfield code="o">892.71 KAT/Z</subfield>
    <subfield code="p">44971</subfield>
    <subfield code="r">2024-01-27 09:29:26</subfield>
    <subfield code="v">400.00</subfield>
    <subfield code="w">2024-01-27</subfield>
    <subfield code="y">BK</subfield>
    <subfield code="z">GR5R3</subfield>
  </datafield>
  <datafield tag="999" ind1=" " ind2=" ">
    <subfield code="c">43309</subfield>
    <subfield code="d">43309</subfield>
  </datafield>
</record>
